[Event "Las Palmas Interzonal"]
[Site "Las Palmas ESP"]
[Date "1982.??.??"]
[Round "12"]
[White "Ribli, Zoltan"]
[Black "Smyslov, Vasily"]
[Result "1-0"]
[WhiteElo "2580"]
[BlackElo "2565"]
[EventDate "1982.07.??"]
[Annotator "ChessBase"]

1. Nf3 Nf6 2. c4 c6 3. Nc3 d5 4. d4 e6 5. Bg5 Nbd7 6. e3 Qa5 7. Nd2 Bb4 8.
 Qc2 dxc4 9. Bxf6 Nxf6 10. Nxc4 Qc7 {Let us observe how the modern 
grandmasters conduct the strategic struggle in this swampy opening system.
} 11. a3 Be7 12. Be2 O-O 13. b4! { It is necessary for White to prevent 
the c6-c5 advance. } 13. ... b6 ( {Another plan presumes transferring the 
black queen's bishop to e8:} 13. ... Rd8 14. O-O Bd7 15. Rfd1 Be8 ) 14. 
O-O Bb7 15. Bf3! {This is an ideal diagonal for the white bishop. } 
15. ... Rac8 ( 15. ... c5 { is premature due to thematic } 16. Bxb7 Qxb7 
17. dxc5 bxc5 18. b5! ) 16. Rab1 Rfd8 17. Rfc1 Ba8 18. h3 h6 ( {In Z. 
Ribli's opinion, a more flexible pawn structure on the kingside arises 
after} 18. ... g6!? ) 19. Qb3 Qb8! { c6-c5} 20. Ne4! Nxe4 {With the white 
pawn on e3, exchanging one pair of knights as a rule is to White's 
benefit. } ( 20. ... c5 {fails to} 21. Nxf6+ Bxf6 22. Bxa8 Qxa8 23. dxc5 
bxc5 24. b5 +/- ) ( 20. ... Nd5 {deserves attention.} ) 21. Bxe4 Bf6 22. 
a4 g6 ( 22. ... e5? 23. dxe5 Bxe5 24. Bf5 ) 23. Qc2 e5!? {Trying to break 
the bind, Black agrees to admit an attractive for White sacrifice. } ( 
23. ... Kg7 24. f4! ) 24. Bxg6! fxg6 25. Qxg6+ Bg7 26. dxe5! Rd5! 27. e4 
Rxe5 28. Nxe5 Qxe5 29. Rd1 Qf6! 30. Qg3 c5 31. bxc5 Bxe4! ( 31. ... bxc5 
32. Rb8 Qf8 33. Rxc8 Qxc8 34. e5! ) 32. cxb6! axb6 ( 32. ... Bxb1 33. b7 )
33. Rb4 Bf5 34. Qe3 Rc6 35. Rf4 Rc5! 36. Qb3+ ( 36. Qe8+ Kh7 37. Rd8 ) 
36. ... Kh7 37. Rd5 Qa1+! 38. Kh2 Bc2 ( 38. ... Be5 39. g3 Bxf4 40. Rxc5 
Bxg3+ 41. fxg3 bxc5 42. Qf7+ Kh8 43. Qf8+ ) 39. Qf3 Rxd5 40. Qxd5 Qe5? ( 
40. ... Be5 41. Qf7+ Kh8 42. Qf8+ Kh7 43. Qf7+ ) 41. Qc4! += Bb3 42. Qd3+ 
Kh8 43. g3 Bg8 44. Rb4! Qc5 45. Qd2 Kh7 46. Qf4 Be6! ( 46. ... Kh8 47. Re4
) 47. Rb5 Qd4 48. Qxd4 Bxd4 49. f4 Kg7 ( 49. ... Bc5 50. a5 Bd7 51. Rb2! )
50. g4 Be3 51. Kg3 Bc4 52. Re5 Bd2 53. Re7+ Kf6 54. Rd7 Be1+ 55. Kf3 b5 
56. Rc7! Bd5+ 57. Ke2 Bg3 58. Rc5 Ke6 59. f5+ Kd6 60. Rxb5 Bc4+ 61. Kf3 
Bxb5 62. axb5 Bh2 ( 62. ... Be5! 63. b6 Kc6 64. Ke4 Bc3! 65. h4! Bf6! 66. 
h5 Bh8! 67. b7 Kxb7 68. Kd5 Kc7 69. Ke6 Kd8 70. Kf7 Kd7 71. Kg6 Ke7 72. 
Kxh6 Bc3! 73. g5 Bd2! 74. Kg6 Kf8 75. h6 Kg8 = {Ribli} ) 63. b6 Kd5 64. b7
Bb8 65. h4 Ke5 66. h5 1-0

[Event "Berlin"]
[Site "Berlin GER"]
[Date "1920.??.??"]
[Round "2"]
[White "Leonhardt, Paul"]
[Black "Spielmann, Rudolf"]
[Result "0-1"]
[WhiteElo "2467"]
[BlackElo "2538"]
[EventDate "1920.??.??"]

{
http://ctart.chessok.com/course/chess-opening-closed-games-1-d4-d5/queen-s-gambit/cambridge-springs-variation?page=2
} 
1. d4 {This game demonstrates the devastating force of the black bishops, 
if they manage to break free after the liberating c6-c5 advance.} 1. ... 
d5 2. c4 e6 3. Nc3 Nf6 4. Bg5 Nbd7 5. e3 c6 6. Nf3 Qa5 7. Nd2 dxc4 ( {(If 
Black principally accepts this kind of position, then there is no sense to
include the moves } 7. ... Bb4 8. Qc2 dxc4 9. Bxf6 Nxf6 10. Nxc4 Qc7 11. 
a3 Be7 {since White's plans include the a2-a3 advance all the same} ) 8. 
Bxf6 Nxf6 9. Nxc4 Qc7 10. Rc1 Be7 11. g3 O-O 12. Bg2 Rd8 {Black chooses 
the Bc8-d7-e8 maneuver.} 13. O-O Bd7 14. Qe2 Be8 15. Rfd1 Nd7!? { This is 
an original maneuver: after having transferred the knight on a flexible 
position on f8, Black may think about the f7-f6 advance followed by 
transferring the queen's bishop along the diagonal e8-h5. } 16. e4 Nf8 17.
 a3 Rac8 18. Ne3 {Perhaps, this is not especially deft knight retreat. In 
this system White has to watch the potential energy of Black's apparently 
passive position very attentively. } ( {The programmed advance} 18. b4 {
would have been more natural} ) 18. ... Qb6 19. Na4 ( 19. b4? Rxd4 ) 
19. ... Qb5! 20. Qc2 ( 20. Qxb5 cxb5 21. Nc3 b4! ) 20. ... b6 21. Nc3 ( 
21. b4 c5! 22. Nc3 Qa6 ) 21. ... Qa6 22. Qb3 b5! {Black prepares for the 
c6-c5 advance in the style of Meran variation of the Slav defense. } 23. 
e5 Qb6 24. Ne2 Ng6 {After undermining the white d4-pawn the black knight 
obtains a nice target - the white e5-pawn. } 25. Rc3 c5! {The black 
bishops wake and White's position falls apart in few moves, as he fails to
withstand the drastic change of the situation on the board. } 26. Rdc1 Bd7
27. dxc5 Bxc5 28. f4 b4! 29. axb4 Bxe3+ 30. Rxe3 Ba4 31. Qa3 Rxc1+ 32. 
Nxc1 Rd1+ 33. Kf2 Rd2+ 34. Ne2 Bb5 35. Bf3 Rd3 0-1

[Event "Borowski Memorial Open 15'"]
[Site "Essen GER"]
[Date "2000.09.02"]
[Round "7"]
[White "Pelletier, Yannick"]
[Black "Jussupow, Artur"]
[Result "0-1"]
[WhiteElo "2474"]
[BlackElo "2610"]
[EventDate "2000.09.02"]

1. d4 Nf6 2. c4 e6 3. Nf3 d5 4. Nc3 Nbd7 5. Bg5 c6 6. e3 Qa5 7. Nd2 dxc4 
8. Bxf6 Nxf6 9. Nxc4 Qc7 {This "refractory" for Black ramification of the 
Cambridge-Springs variation is successfully and regularly implemented by 
A. Jussupow. Here are some examples of his creativity. } 10. Rc1 ( {A. 
Jussupow also fought against the fianchettoed white king's bishop:} 10. g3
Be7 11. Bg2 O-O 12. Rc1 Rd8 13. Qb3 Bd7 14. O-O Be8 15. Rfd1 Nd5 16. Ne4 
b6 17. a3 Rac8 18. Rd2 f6 19. Rdc2 Qd7 20. Ncd2 Rc7 21. Bh3 Bf7 22. Qa4 f5
! {This is rather original way of preparation for the c6-c5 advance. } 23.
 Nc3 c5! 24. Qa6 Nxc3 25. Rxc3 e5 26. Nf3 exd4 27. Nxd4 g6 28. Nb5 Rcc8 
29. Bf1 c4 30. Qxa7 Qxb5 31. Qxe7 Qxb2 32. Bxc4 Bxc4 33. Rxc4 Qxc1+ 34. 
Rxc1 Rxc1+ 35. Kg2 Rd2 36. Qe8+ {1/2-1/2 Suhl, Dirk (2360) - Jussupow, 
Artur (2636) / GER Ch 71st (1), Altenkirchen GER 1999} ) ( 10. a3 Be7 11. 
Be2 O-O 12. b4 Rd8 13. Qb3 Bd7 14. O-O Be8 15. Rfc1 b6 16. Bf3 Rab8 17. 
Rab1 a6! {By having improved the control of the b5-square, Black magnifies
the probability of the c6-c5 advance. } 18. Ne4 Nxe4! {Now this exchange 
turns out to be well grounded, because Black immediately executes the 
liberating c6-c5 advance. } 19. Bxe4 c5! 20. Ne5 Qd6 21. Nc4 Qc7 22. Ne5 
Qd6 {1/2-1/2, Cvitan Ognjen 2511 - Jussupow Artur 2636, Switzerland 1999 
Ch Switzerland (team)} ) 10. ... Be7 11. Be2 O-O 12. O-O ( 12. a3 { also 
happened} ) ( 12. a3 Bd7 13. b4 Rfd8 14. O-O Be8 15. Qc2 b6 16. Ne5 Qb7 
17. Bf3 Nd5 18. Ne2 Rac8 {Black has harmoniously deployed his pieces and 
after } 19. e4 {1/2-1/2 Ribli, Zoltan (2585) - Jussupow, Artur (2665) / 
Bundesliga 9697 (?.1), GER 1997} ) 12. ... Rd8 13. Qc2 Bd7 { In such  
impregnable  positions White experience difficulties with finding a 
precise plan. After White fixes his spatial advantage by preventing the 
opponent s liberating moves, he has to patiently look for tactical nuances
for starting the combat. As a rule, these nuances arise in process of 
multiple regrouping of the sides, which respond to some threats, the real 
ones as well as imaginary ones, which occur all over the board. This game 
perfectly illustrates such strategy. } 14. Bf3 Be8 {As we can see, in this
system A. Jussupow prefers this Steinitz/Alekhine maneuver. } 15. Ne4 Nd5 
{ Now the knight exchange is not in Black's favor. } 16. a3 b6 17. b4 a5! 
{ In contrast with the game Capablanca - Alekhine, now this standard 
breakthrough is well prepared. Black intercepts the initiative and it is 
difficult to define, where White admits a mistake. } 18. bxa5 b5! 19. Nb6 
Nxb6 20. axb6 Qxb6 21. Nc5 Rxa3 22. Nd3 { Strong position of the white 
knight on c5 was a certain compensation for the lost pawn and White should
not take it away from the blockading square. Instead White decides to 
attack the black c6-pawn but this turns out to be fatal since the black 
passed b5-pawn is drastically activated. } 22. ... Rc8 23. g3 b4! 24. Ne5 
b3 25. Qb1 Ra4 26. Rc3 b2 27. Nd3 Rb8 28. Rc2 Ba3 29. Bd1 Ra5 30. Rc3 Be7 
31. Bb3 Ra3 0-1

[Event "IBM"]
[Site "Amsterdam NED"]
[Date "1980.06.??"]
[Round "1"]
[White "Timman, Jan H"]
[Black "Hort, Vlastimil"]
[Result "1-0"]
[WhiteElo "2600"]
[BlackElo "2595"]
[EventDate "1980.??.??"]
[PlyCount "117"]

1. d4 d5 2. c4 e6 3. Nc3 Nf6 4. Bg5 Nbd7 5. e3 c6 6. Nf3 Qa5 7. Nd2 dxc4 
8. Bxf6 Nxf6 9. Nxc4 Qc7 10. Be2 Be7 11. a3 Nd5 12. Rc1 O-O 13. O-O Bd7 {
In such  impregnable  positions White experience difficulties with finding
a precise plan. After White fixes his spatial advantage by preventing the 
opponent s liberating moves, he has to patiently look for tactical nuances
for starting the combat. As a rule, these nuances arise in process of 
multiple regrouping of the sides, which respond to some threats, the real 
ones as well as imaginary ones, which occur all over the board. This game 
perfectly illustrates such strategy. } 14. b4 Rfc8 15. Qb3 Qd8 16. Rfd1 
Be8 17. Bf3 Rc7 18. Ne2 Bf8 19. g3 Qe7 20. Rc2 Rd8 21. Nc1 {White intends 
to occasionally transfer the knights to c5 and e5. It is yet unknown, how 
dangerous such transfer is but Black decides to relieve the tension of the
position by exchanging one couple of knights. As we already know, with the
white pawn on e3 this operation is rather in White's favor. } 21. ... Nb6
?! ( 21. ... f6!? ) 22. Nd3 Nxc4 23. Rxc4 f6 24. Rc3 Kh8 ( 24. ... Bg6 25.
 Nf4 ) 25. Be4! Qd6 26. Nc5 Re7 27. Qc2 h6 28. Bf3 Qb8 { It turns that the
vacant square e4 may be exploited as a transit point for the white pieces}
29. Bg4 Rd6 30. Nd3 Qd8 31. Nf4 g5 32. Nd3 ( 32. Ng6+?! Bxg6 33. Qxg6 f5 )
32. ... Kg7 ( 32. ... h5!? ) 33. Qe2 Bg6 34. Nc5 Qe8 35. Bf3 a6 36. Rdc1 (
36. a4! ) 36. ... Qf7 37. a4 h5 ( 37. ... e5! 38. dxe5 Rxe5 ) 38. b5! {The
black pieces have crowded on the kingside, which makes the pawn minority 
attack on the opposite flank efficient. } 38. ... axb5 39. axb5 e5 40. 
dxe5 Rxe5 41. bxc6 bxc6 42. Qb2! ( 42. Na4 Ra5 ) 42. ... Re7 43. Rb3 Kh7 
44. Nb7 Rd2 ( 44. ... Rd3 45. Rxd3 Rxb7 46. Qd2 Bxd3 47. Qxd3+ ) 45. Qxd2 
Qxb3 46. Na5 Qf7 47. Nxc6 Rd7 48. Nd4 f5 49. Rc8 Bg7 50. Bc6 Rd6 51. Be8 (
51. Qa5! ) 51. ... Qb7? ( 51. ... Qd5 52. Bc6 Qf7 ) 52. Qc2! +- Qd5 53. 
Bxg6+ ( 53. Rc5 Qe4 54. Qxe4 fxe4 55. Rxg5 Bxe8 56. Rxg7+ ) 53. ... Kxg6 
54. Rc5 Qe4 55. Qxe4 fxe4 56. Nf5 Rd1+ 57. Kg2 Bf6 ( 57. ... Bf8 58. Ra5 
Rc1 59. Nd4 Rc5 60. Ra6+ Kf7 61. Re6 ) 58. g4 hxg4 59. Ng3 1-0

[Event "Taxco Interzonal"]
[Site "Taxco"]
[Date "1985.??.??"]
[Round "9"]
[White "Spraggett, Kevin"]
[Black "Saeed, Saeed-Ahmed"]
[Result "1-0"]
[WhiteElo "2560"]
[BlackElo "2400"]
[EventDate "1985.06.??"]

1. c4 e6 2. Nf3 Nf6 3. Nc3 d5 4. d4 c6 5. Bg5 Nbd7 6. e3 Qa5 7. Nd2 Bb4 8.
 Qc2 O-O 9. Be2 e5!? {With this interesting continuation Black intend to 
immediately liberate his play. Pretext for this solution is the white 
king's position in the center. } 10. O-O {White completes the development,
which poses the great problem to Black. } ( 10. dxe5 {would have been 
harmless for Black,} 10. ... Ne4 11. Ndxe4 dxe4 12. O-O Bxc3 13. bxc3 Re8 
14. Rfd1 Nxe5 15. Qxe4 Be6 16. Bh4 Qxc3 17. Rac1 Qa5 18. Qb1 b6 19. h3 f6 
20. f4 Ng6 {1/2-1/2(41) Vaganian, Rafael A (2550) - Jussupow, Artur (2555)
/ Yerevan zt (11), Erevan ARM 1982} ) 10. ... exd4 11. Nb3! {This is an 
important resource. Winning time by attacking the black queen, White 
returns the knight in the center. } 11. ... Qc7 12. Nxd4 dxc4 ( 12. ... 
Bxc3 13. bxc3 dxc4 14. Bxc4 Qe5 15. Nf3! ( 15. Bh4 Qe4! 16. Qxe4 Nxe4 17. 
Rfc1 Ne5! 18. Be2 Ng6 ) ( 15. Bf4 Qc5 16. Bd3 Ne5 ) 15. ... Qc5 16. Qd3 ( 
16. Bd3 += ) 16. ... Re8 17. Qd4 Ne4 18. Bf4 Nb6 19. Bd3 Qxd4 ( 19. ... 
Qxc3 20. Bxe4 Qxd4 21. Bxh7+ Kxh7 22. Nxd4 ) 20. cxd4 f6 21. h3 Nd5 22. 
Bh2 Nb4 23. Bxe4 Rxe4 24. Rfc1 {White retains pressure in the center,} 
24. ... Re8 25. a3 Nd5 {1-0(56) Arencibia Rodriguez, Walter (2529) - Acs, 
Peter (2542) / Capablanca Memorial Elite 35th (1), Varadero 2000} ) 13. 
Bxc4 { The position is opened and the black c8-bishop obtains freedom of 
movement. However, White retains some advantage thanks to a more active 
deployment of the pieces. Black still has to complete the development of 
the queenside and the black c8-bishop has to find a suitable position, 
because the e6- and f5-squares are under control of white pieces. } 
13. ... Ne5 ( 13. ... Ng4?! 14. Bf4 Bd6 15. Ncb5! cxb5 16. Nxb5 Bxf4 17. 
Nxc7 Bxc7 18. Bxf7+ ) 14. Be2 Neg4 15. Bf4 Qe7 ( 15. ... Bd6? 16. Ncb5! ) 
16. h3 ( 16. Rad1 Nh5! {Black forces exchanging the opponent's darksquared
bishop} ) 16. ... Ne5 17. Rad1 Ng6 18. Bg3 Rd8! {Black prepares for the 
bishop retreat to d6. } 19. a4!? { An original idea: expecting the move 
Bb4-d6 White prepares for the pawn minority attack on the queenside. } ( {
Black obtains good play after} 19. Bf3 Bd6 ( 19. ... Ne5? 20. Bxe5 Qxe5 
21. Nxc6! ) 20. Bxd6 Rxd6 21. b4 Nh4! ) 19. ... Bd6! ( 19. ... a5?! 20. 
Bf3 Bd6 21. Bxd6 Rxd6 22. Nb3! { the looseness of Black's queenside allows
White to figure on seizing the d-file} ) 20. Bxd6 Rxd6 21. b4 Bd7 22. a5! 
{Now Black must reckon both with the Nc3-a4-c5 maneuver and with the a5-a6
advance. } ( 22. b5 { is futile in view of } 22. ... c5 ) 22. ... Nh4!? 
23. Rfe1 {White prepares for ousting the black h4-knight by means of 
g2-g3.} ( 23. g3?! Bxh3 ) 23. ... Rd8? { This natural move turns out to be
a mistake. } ( {Preparing for the Â¤h4-f5 maneuver by means of} 23. ... g6
! {Black might have ousted the white d4-knight from a dominating position}
) 24. g3 Ng6 25. Bf1 Nf8 ( 25. ... Ne5 26. Bg2 ) 26. Bg2 {White has 
consolidated position on the kingside, while controlling the center. This 
restricts Black's chances as much as possible. Black experience 
difficulties with opposing White's impending attack on the queenside. } 
26. ... g6 27. Na4 Ne6 { Yet Black finds a way to exchange the white 
d4-knight but a loss of time is perceptible. } 28. Nc5 Nxd4 ( 28. ... Bc8 
29. a6! ) 29. exd4 Be6 30. b5! cxb5!? ( 30. ... Rxd4 31. Rxd4 Rxd4 32. a6!
) 31. Nxb7 Rxd4 32. Nxd8 Qxd8 33. Rxd4 Qxd4 34. Rd1 Qa4 35. Rd8+ Kg7 36. 
Qc5 +- Nd7 37. Qxa7 b4 38. Qd4+ Nf6 39. Qd6 g5 40. Qe5 h6 41. Rd3 Kg6 42. 
Bf1! Nd7 43. Qe4+ Kg7 44. a6 Nf6 45. Qe5 Qc6 46. a7 Qa8 47. Qb8 1-0

[Event "Valby K41"]
[Site "Valby"]
[Date "1991.??.??"]
[Round "4"]
[White "Cramling, Pia"]
[Black "Smagin, Sergey"]
[Result "0-1"]
[WhiteElo "2485"]
[BlackElo "2535"]
[EventDate "1991.09.??"]

1. d4 Nf6 2. c4 e6 3. Nf3 d5 4. Nc3 Nbd7 5. Bg5 c6 6. e3 Qa5 7. Nd2 Bb4 8.
 Qc2 O-O 9. Be2 e5 10. O-O exd4 11. Nb3 Qc7 12. Nxd4 dxc4 13. Bxc4 { In 
this game Black successfully solves the problem of neutralizing the 
opponent's active pieces. } 13. ... Bd6!? {In contrast with the previous 
game, Black uses an opportunity of the immediate deployment of his king's 
bishop to an ideal position. } ( {Smagin has also tested the continuation}
13. ... Qe5 14. Nf3 Qe7 15. a3 Ba5 16. Rad1 Bc7 17. Ba2 Re8 18. Bh4 h6 19.
 Rd4! { it turned out that it was difficult for Black to develop the 
pieces of his queenside. The game proceeded } 19. ... Qc5 20. Rfd1 Qh5 21.
 g4!! Nxg4 22. Rxd7 {with a crushing defeat,} 22. ... Bxd7 23. Rxd7 Bxh2+ 
24. Nxh2 Rf8 25. Qe2 Qxh4 {1-0(30) Beliavsky, Alexander G (2625) - Smagin,
Sergey (2500) / URS-ch53 (?), Kiev UKR 1986} ) 14. Kh1 {By protecting the 
h2-pawn in an indirect way White avoids weakening of the pawn structure on
the kingside.} ( {The continuation} 14. f4 {seems to be too sharp} ) ( 14.
 h3 {deserves further testing} ) 14. ... Be5!? {Black for a while 
liberated the d7-knight from its attachment to the f6-knight, while 
reserving a possibility o destroying the white d4-knight when necessary. }
15. Rad1 Nb6 16. Be2 Ng4!? 17. h3 ( 17. Nf3 Bxh2 18. g3 Bxg3 19. fxg3 Qxg3
) 17. ... Bxd4 18. hxg4 Be5 {Obviously the occurred exchanges makes the 
maneuvering easier for Black. } 19. f4?! {This is too hazardous 
continuation restricting the mobility of White's own darksquared bishop 
and rendering White's rare naked. } ( {A more elastic continuation would 
have been} 19. g3! {creating the supporting point on f4 for the white 
bishop and preparing for the maneuver Kg2 next Rh1} ) 19. ... Bxc3! 20. 
Qxc3 f6 21. Bh4 Be6 22. a3 Bd5 23. Bf3 Bxf3 24. gxf3 Rad8 25. Bf2 f5 26. 
Qb3+ Kh8 27. Rxd8?! ( {According to S. Smagin, White could have held the 
balance by } 27. g5! ) 27. ... Qxd8 28. Rd1 Qe8 29. Qb4? ( 29. g5 ) 
29. ... fxg4! {Now play is opened on the kingside and the weakened 
position of the white king becomes perceptible. } 30. fxg4 Nd5 -/+ 31. Qd4
( 31. Qxb7 Nxe3 ) 31. ... Rf7 32. Kg1 ( 32. Qxa7 h5! ) 32. ... a6 33. f5 
Re7 34. Qc4 h6 35. Rd4 Nxe3 36. Bxe3 Rxe3 37. Kf2 b5!? 38. Qc2 c5 39. Rd5 
Rh3! 40. Kg2 Rh4 41. Rxc5 Rxg4+ 42. Kf2 Rf4+ 43. Kg2 Qh5 44. Rc8+ Kh7 45. 
f6+ Rf5 46. Rc3 Qg6+ 47. Rg3 Rg5 0-1

[Event "Amantea Open"]
[Site "Amantea"]
[Date "1994.??.??"]
[Round "?"]
[White "Komarov, Dimitri"]
[Black "Smagin, Sergey"]
[Result "1-0"]
[WhiteElo "2565"]
[BlackElo "2540"]
[EventDate "1994.09.??"]
[Annotator "Komarov"]

1. d4 Nf6 2. Nf3 d5 3. c4 e6 4. Nc3 Nbd7 5. Bg5 c6 6. e3 Qa5 7. Nd2 Bb4 8.
 Qc2 O-O 9. Be2 e5 10. O-O exd4 11. Nb3 Qb6!? {This gradual retreat of the
black queen to c7 practically forces White to admit forming a white 
isolated pawn in the center in his search for advantage. } 12. exd4 ( {
Play equalizes after } 12. Nxd4?! Bxc3! ( 12. ... dxc4?! 13. Bh4! += Qc5 
14. Na4 Qa5 15. Bxc4! c5? 16. Nb5 a6 17. Nd6 b5 18. a3! bxc4 19. axb4 Qxb4
20. Qxc4 += {Van der Sterren,P-Yusupov,A/Munich/1994/0,5/47/} ) 13. bxc3 
dxc4 14. Bxf6 ( 14. Bxc4 Qc5 ) 14. ... Nxf6 15. Bxc4 ) 12. ... dxc4 13. 
Bxc4 Qc7 ( {The preliminary continuation} 13. ... a5 { a4-a3) deserves 
attention,} 14. a4 Qc7 15. Nd2 h6 16. Bh4 Qf4 17. Nf3 Nh5 18. Ne2 Qd6 19. 
Ng3 Nf4 20. Ne4 Qg6 21. Bg3 Re8 22. Bxf4 Qxe4 23. Qxe4 Rxe4 24. Bc7 Re7 
25. Rfd1 Nf8 {1/2-1/2(52) Kishnev, Sergey (2500) - Smagin, Sergey (2573) /
BL2-West 9899 (5.1), GER 1999} ) 14. Nd2! { With the white isolated 
d4-pawn a right place for the white knight is f3! } 14. ... Ng4 ( 14. ... 
Bd6 15. Nf3 ( 15. g3 += ) 15. ... Bf4 = ) 15. Nf3 Bd6 ( 15. ... h6!? 16. 
Bh4 Bd6 17. h3 Nh2 18. Nxh2 Bxh2+ 19. Kh1 Bf4 {with full fledged play for 
Black.} ) 16. g3!? {White restricts the mobility of the black d6-bishop. }
16. ... Nb6 17. Bb3 Kh8!? 18. Rfe1 ( {In Black's favor is a thrusting 
itself on continuation} 18. h3?! Nh6 19. Bxh6 gxh6 â†’ ) 18. ... f6?! {
Black vainly willingly extends the white b3-bishop's range of action. } ( 
{calm continuation} 18. ... Bd7 â†»â†» {is better} ) 19. Bd2 Bd7 20. Ne4! 
+/- Bf5 ( 20. ... Rae8 21. Nxd6 Qxd6 22. h3 Nh6 23. Bf4 +/- ) 21. Nh4 Bd7
?! ( 21. ... Bxe4 22. Rxe4 ( 22. Qxe4 f5 23. Qg2! +/- ) 22. ... f5 23. 
Nxf5 Rxf5 ( 23. ... Nxf2 24. Rh4 ) 24. Rxg4 +/- ) 22. h3! +- Nh6 23. Nxd6 
Qxd6 24. Bf4 Qb4 ( 24. ... Qxd4 25. Rad1 Qb4 26. a3 Qa5 27. Bxh6 +- ) 25. 
a3 {White isolates the black queen from the events that will take place on
the kingside. } 25. ... Qa5 ( 25. ... Qb5 26. Bxh6 gxh6 27. Re7 f5 28. a4 
Qb4 29. Qc5 Qxb3 30. Qe5+ +- ) 26. Bxh6 gxh6 27. Re7 f5 28. Qc5! Qb5 29. 
Rxh7+! Kxh7 30. Qe7+ Kh8 31. Ng6# 1-0